Statistiche per Albo D'Oro Mondiali

Clicka qui per fare il quiz!

Statistiche generali

  • Questo quiz è stato fatto 123 volte
    (88 dall'ultimo reset)
  • Il punteggio medio è 22 su 22

Statistiche sulle risposte

Anno2° PostoNazionale% Corretto
1978Paesi BassiArgentina
100%
2022FranciaArgentina
100%
1986Germania OvestArgentina
100%
1958SveziaBrasile
100%
1962CecoslovacchiaBrasile
100%
1970ItaliaBrasile
100%
2002GermaniaBrasile
100%
1994ItaliaBrasile
100%
1998BrasileFrancia
100%
2018CroaziaFrancia
100%
2014ArgentinaGermania
100%
1954UngheriaGermania Ovest
100%
1974Paesi BassiGermania Ovest
100%
1990ArgentinaGermania Ovest
100%
2006FranciaItalia
100%
1982Germania OvestItalia
100%
1934CecoslovacchiaItalia
100%
1938UngheriaItalia
100%
2010Paesi BassiSpagna
100%
1966Germania ovestInghilterra
96%
1950BrasileUruguay
95%
1930ArgentinaUruguay
95%

Distribuzione punteggi

Percentile per numero di risposta

Percentuale di utenti per punteggio

I tuoi punteggi nel tempo

Non hai fatto questo quiz dall'ultimo reset